| 000 | 00532nam a2200169 a 4500 | ||
|---|---|---|---|
| 001 | 000043056 | ||
| 005 | 20201002040614.0 | ||
| 008 | 140218s2004 nyu 001 0 spa d | ||
| 020 | _a044650016X | ||
| 040 |
_aDO-SdBNP _bspa _cBNPHU |
||
| 082 |
_axxx _bxxx |
||
| 100 | 1 |
_aPerricone, Nicholas _970578 |
|
| 245 | 1 | 0 |
_aThe Perricone promise : _blook younger live longer in three easy steps / _cNicholas Perricone. |
| 260 |
_aNew York, Boston : _bWarner Books, _c2004. |
||
| 300 |
_a307 p. ; _c24 cm. |
||
| 504 | _aBibliography : p. 259-300 | ||
| 999 |
_c42545 _d42545 |
||